[Event "TH-S-1327"]
[Site "IECC email"]
[Date "2021.04.11"]
[Round "?"]
[White "Bellew, Paul"]
[Black "Martin, Martin"]
[Result "1-0"]
[WhiteElo "1345"]
[BlackElo "1096"]
[PlyCount "20"]
[EventDate "2021.??.??"]
[EventType "tourn (corr)"]
[SourceTitle "Corr 2024"]
[Source "ChessBase"]
[SourceDate "2023.10.19"]
[SourceVersion "1"]
[SourceVersionDate "2023.10.19"]
[SourceQuality "1"]
[WhiteTeam "Irland"]
[BlackTeam "Vereinigte Staaten"]
[WhiteTeamCountry "IRL"]
[BlackTeamCountry "USA"]

1. d4 d5 2. c4 e6 3. a3 c6 4. e3 Nf6 5. Nc3 Nbd7 6. Nf3 Bd6 7. c5 Bc7 8. Be2 e5 9. 0-0 e4 10. Nh4 0-0 1-0

[Event "IECC O-4632"]
[Site "IECC email"]
[Date "2017.11.26"]
[Round "?"]
[White "Powers Plutin, Kevin"]
[Black "Bellew, Paul"]
[Result "1-0"]
[WhiteElo "1186"]
[BlackElo "1327"]
[PlyCount "57"]
[EventDate "2017.??.??"]
[EventType "swiss (corr)"]
[EventRounds "2"]
[SourceTitle "Corr 2020"]
[Source "ChessBase"]
[SourceDate "2019.09.30"]
[SourceVersion "1"]
[SourceVersionDate "2019.09.30"]
[SourceQuality "1"]
[WhiteTeam "Cuba"]
[BlackTeam "Ireland"]
[WhiteTeamCountry "CUB"]
[BlackTeamCountry "IRL"]

1. d4 Nf6 2. Nf3 d5 3. Bg5 Ne4 4. Bf4 c5 5. c3 Nc6 6. e3 Bg4 7. Nbd2 cxd4 8. exd4 e5 9. Bxe5 Nxe5 10. dxe5 Qb6 11. Qe2 Qxb2 12. Qb5+ Qxb5 13. Bxb5+ Ke7 14. Nxe4 dxe4 15. Nd4 Rc8 16. Kd2 a6 17. Be2 Bxe2 18. Kxe2 Rxc3 19. Rhc1 Rd3 20. Rc4 f6 21. Rc7+ Ke8 22. Ne6 Rd7 23. Rd1 Re7 24. Rxe7+ Kxe7 25. Rd6 fxe5 26. Rb6 g6 27. Nxf8 Kxf8 28. Rxb7 h5 29. Ke3 1-0

[Event "IECC CL6-2017.03 email"]
[Site "IECC email"]
[Date "2017.05.11"]
[Round "?"]
[White "Bellew, Paul"]
[Black "Pinch, David George"]
[Result "0-1"]
[WhiteElo "1260"]
[BlackElo "1427"]
[PlyCount "42"]
[EventDate "2017.??.??"]
[EventType "tourn (corr)"]
[EventRounds "4"]
[SourceTitle "Corr 2020"]
[Source "ChessBase"]
[SourceDate "2019.09.30"]
[SourceVersion "1"]
[SourceVersionDate "2019.09.30"]
[SourceQuality "1"]
[WhiteTeam "Ireland"]
[BlackTeam "Wales"]
[WhiteTeamCountry "IRL"]
[BlackTeamCountry "WLS"]

1. d4 f5 2. c4 Nf6 3. Nc3 e6 4. Bg5 Be7 5. Nf3 0-0 6. e3 d6 7. Bd3 Nbd7 8. 0-0 Ng4 9. Bxe7 Qxe7 10. h3 Nh6 11. Ne2 c6 12. Qc2 e5 13. dxe5 dxe5 14. c5 Nxc5 15. Bc4+ Kh8 16. Rac1 Ne4 17. Rfd1 g5 18. Nc3 g4 19. hxg4 Nxg4 20. Nxe4 fxe4 21. Qxe4 Bf5 0-1

[Event "IECC O-4523"]
[Site "IECC email"]
[Date "2017.05.02"]
[Round "?"]
[White "Kellaway, Ted"]
[Black "Bellew, Paul"]
[Result "0-1"]
[WhiteElo "1068"]
[BlackElo "1263"]
[PlyCount "72"]
[EventDate "2017.??.??"]
[EventType "swiss (corr)"]
[EventRounds "2"]
[SourceTitle "Corr 2020"]
[Source "ChessBase"]
[SourceDate "2019.09.30"]
[SourceVersion "1"]
[SourceVersionDate "2019.09.30"]
[SourceQuality "1"]
[WhiteTeam "South Africa"]
[BlackTeam "Ireland"]
[WhiteTeamCountry "RSA"]
[BlackTeamCountry "IRL"]

1. d4 Nf6 2. c4 g6 3. f3 e6 4. e4 d5 5. e5 Nh5 6. g3 c5 7. Be3 cxd4 8. Qxd4 Nc6 9. Qd1 d4 10. g4 Bb4+ 11. Bd2 Qh4+ 12. Ke2 Ng3+ 13. hxg3 Qxh1 14. Kf2 Bxd2 15. Nxd2 Qh2+ 16. Bg2 Qh6 17. f4 g5 18. Ne4 gxf4 19. g5 fxg3+ 20. Kxg3 Qg6 21. Qf3 Nxe5 22. Nf6+ Kf8 23. Qf4 Qf5 24. Ne4 Qxf4+ 25. Kxf4 Nxc4 26. b3 e5+ 27. Kf3 Ne3 28. Rc1 h6 29. Bh3 Bxh3 30. Nxh3 hxg5 31. Nhxg5 f5 32. Nd6 Ke7 33. Nxb7 Rab8 34. Rc7+ Kf6 35. Nf7 e4+ 36. Kf4 Rh4+ 0-1

[Event "IECC KO-1078"]
[Site "IECC email"]
[Date "2012.03.05"]
[Round "?"]
[White "Bellew, Paul"]
[Black "Foletta, Ian"]
[Result "1-0"]
[WhiteElo "1236"]
[BlackElo "1009"]
[PlyCount "45"]
[EventDate "2009.??.??"]
[EventType "match (corr)"]
[EventRounds "2"]
[SourceTitle "Telechess CBM 165"]
[Source "ChessBase"]
[SourceDate "2015.03.11"]
[SourceVersion "1"]
[SourceVersionDate "2015.03.11"]
[SourceQuality "1"]
[WhiteTeam "Ireland"]
[BlackTeam "Australia"]
[WhiteTeamCountry "IRL"]
[BlackTeamCountry "AUS"]

1. d4 d5 2. c4 e6 3. cxd5 exd5 4. Nf3 Nf6 5. Nc3 Nc6 6. Bg5 Be7 7. e3 h6 8. Bxf6 Bxf6 9. Qb3 Bf5 10. Qxb7 Bd7 11. Nxd5 Rb8 12. Qa6 Rxb2 13. Bd3 Nb4 14. Nxb4 Rxb4 15. 0-0 Qb8 16. Rfc1 0-0 17. a3 Rb6 18. Qa5 Bb5 19. Bxb5 Rxb5 20. Qxc7 Rc8 21. Qxc8+ Qxc8 22. Rxc8+ Kh7 23. Rc7 1-0

[Event "IECC KO-1080"]
[Site "IECC email"]
[Date "2011.09.07"]
[Round "?"]
[White "Bellew, Paul"]
[Black "Robertson, John"]
[Result "1-0"]
[WhiteElo "1192"]
[BlackElo "1150"]
[PlyCount "42"]
[EventDate "2010.??.??"]
[EventType "match (corr)"]
[EventRounds "2"]
[SourceTitle "Telechess CBM 149"]
[Source "ChessBase"]
[SourceDate "2012.07.17"]
[SourceVersion "1"]
[SourceVersionDate "2012.07.17"]
[SourceQuality "1"]
[WhiteTeam "Ireland"]
[BlackTeam "Australia"]
[WhiteTeamCountry "IRL"]
[BlackTeamCountry "AUS"]

1. d4 d5 2. c4 Nf6 3. Nc3 dxc4 4. Nf3 Nc6 5. d5 Ne5 6. Nxe5 e6 7. Qa4+ Nd7 8. Nxf7 Kxf7 9. dxe6+ Kxe6 10. Qxc4+ Ke7 11. Nd5+ Ke8 12. Nxc7+ Qxc7 13. Qxc7 Be7 14. e4 Rf8 15. Bd3 Rf6 16. Qc4 Ne5 17. Qb5+ Nc6 18. 0-0 a6 19. Qh5+ Kf8 20. Qxh7 Rh6 21. Bxh6 gxh6 1-0

[Event "IECC KO-1080"]
[Site "IECC email"]
[Date "2010.06.12"]
[Round "?"]
[White "Bellew, Paul"]
[Black "Foletta, Ian"]
[Result "1-0"]
[WhiteElo "1155"]
[BlackElo "1047"]
[PlyCount "35"]
[EventDate "2010.??.??"]
[EventType "match (corr)"]
[EventRounds "2"]
[SourceTitle "Telechess CBM 149"]
[Source "ChessBase"]
[SourceDate "2012.07.17"]
[SourceVersion "1"]
[SourceVersionDate "2012.07.17"]
[SourceQuality "1"]
[WhiteTeam "Ireland"]
[BlackTeam "Australia"]
[WhiteTeamCountry "IRL"]
[BlackTeamCountry "AUS"]

1. d4 Nf6 2. c4 e6 3. Nf3 b6 4. Bg5 Be7 5. Nc3 g6 6. e4 Bb7 7. Bd3 Nc6 8. 0-0 0-0 9. a3 Nh5 10. Bh6 Re8 11. d5 exd5 12. cxd5 Na5 13. b4 Bf6 14. Rc1 c6 15. bxa5 bxa5 16. d6 Re6 17. Bc4 Rc8 18. Bxe6 1-0

[Event "IECC CL7-2008.05 email"]
[Site "IECC email"]
[Date "2008.06.06"]
[Round "?"]
[White "Bellew, Paul"]
[Black "Pollard, Richard"]
[Result "0-1"]
[WhiteElo "1177"]
[BlackElo "1138"]
[PlyCount "74"]
[EventDate "2008.??.??"]
[EventType "tourn (corr)"]
[EventRounds "4"]
[SourceTitle "Corr 2013"]
[Source "ChessBase"]
[SourceDate "2012.11.12"]
[SourceVersion "1"]
[SourceVersionDate "2012.11.12"]
[SourceQuality "1"]
[WhiteTeam "Ireland"]
[BlackTeam "US of America"]
[WhiteTeamCountry "IRL"]
[BlackTeamCountry "USA"]

1. d4 d5 2. c4 e6 3. Nc3 Nf6 4. Bg5 Be7 5. cxd5 exd5 6. e3 c6 7. Nf3 Nbd7 8. Rc1 0-0 9. Bd3 Re8 10. a4 Nf8 11. Ne5 Ne4 12. Bxe7 Qxe7 13. Ne2 f6 14. Nf3 Bg4 15. Nh4 Qb4+ 16. Kf1 Bxe2+ 17. Bxe2 Qxb2 18. Rc2 Qb6 19. Bd3 Qc7 20. Bxe4 dxe4 21. Qg4 Qf7 22. f3 Qb3 23. Re2 Qd1+ 24. Re1 Qd3+ 25. Kf2 g6 26. Rd1 Qc2+ 27. Ke1 Qc3+ 28. Rd2 Qxe3+ 29. Re2 Qg5 30. Qh3 Qc1+ 31. Kf2 e3+ 32. Kg3 Qxh1 33. Qg4 Qd1 34. f4 Qxd4 35. Nf5 Qc5 36. Nh6+ Kg7 37. Nf5+ Qxf5 0-1

[Event "P-4362"]
[Site "IECC email"]
[Date "2007.09.05"]
[Round "?"]
[White "Bellew, Paul"]
[Black "Mugica, Emiliano"]
[Result "1-0"]
[WhiteElo "1151"]
[BlackElo "1254"]
[PlyCount "53"]
[EventDate "2007.??.??"]
[EventType "tourn (corr)"]
[SourceTitle "Corr 2020"]
[Source "ChessBase"]
[SourceDate "2019.09.30"]
[SourceVersion "1"]
[SourceVersionDate "2019.09.30"]
[SourceQuality "1"]
[WhiteTeam "Ireland"]
[BlackTeam "Argentina"]
[WhiteTeamCountry "IRL"]
[BlackTeamCountry "ARG"]

1. d4 d5 2. c4 e6 3. Nc3 Nf6 4. Bg5 Be7 5. e3 Nbd7 6. Bd3 0-0 7. Nf3 h6 8. Bf4 g5 9. Bg3 dxc4 10. Bxc4 c5 11. d5 Nb6 12. Bb3 Nbxd5 13. Qc2 Nb4 14. Qe2 Nd3+ 15. Kf1 Nb4 16. Rd1 Qa5 17. Ne5 Rd8 18. Ng4 Nxg4 19. Qxg4 Rxd1+ 20. Bxd1 Nxa2 21. f4 f6 22. h4 Nxc3 23. bxc3 Qxc3 24. hxg5 hxg5 25. Qh5 Qd3+ 26. Be2 Qb1+ 27. Be1 1-0

[Event "IECC TH-M-2735"]
[Site "IECC email"]
[Date "2007.03.21"]
[Round "?"]
[White "Bellew, Paul"]
[Black "Newman, Ben"]
[Result "0-1"]
[WhiteElo "1092"]
[BlackElo "1092"]
[PlyCount "46"]
[EventDate "2007.??.??"]
[EventType "match (corr)"]
[EventRounds "2"]
[SourceTitle "Corr 2011"]
[Source "ChessBase"]
[SourceDate "2010.08.31"]
[SourceVersion "1"]
[SourceVersionDate "2010.08.31"]
[SourceQuality "1"]
[WhiteTeam "Italy"]
[BlackTeam "Argentina"]
[WhiteTeamCountry "ITA"]
[BlackTeamCountry "ARG"]

1. d4 d5 2. c4 e6 3. Nc3 c5 4. cxd5 exd5 5. Nf3 Nc6 6. g3 Nf6 7. Bg2 Be7 8. 0-0 0-0 9. Re1 Re8 10. a3 Be6 11. Qc2 Nxd4 12. Nxd4 cxd4 13. Nb5 Qa5 14. Rd1 Qxb5 15. Rxd4 Rac8 16. Qd2 Bc5 17. Rh4 Bh3 18. e3 Bxg2 19. Kxg2 Qc6 20. Kf1 d4 21. e4 Nxe4 22. Qd3 Nd2+ 23. Bxd2 Qh1# 0-1

[Event "IECC TH-M-2683"]
[Site "IECC email"]
[Date "2006.12.01"]
[Round "?"]
[White "Bellew, Paul"]
[Black "Sonny Abraham, Vivek"]
[Result "1-0"]
[WhiteElo "1031"]
[BlackElo "1092"]
[PlyCount "39"]
[EventDate "2006.??.??"]
[EventType "match (corr)"]
[EventRounds "2"]
[SourceTitle "Corr 2008"]
[Source "ChessBase"]
[SourceDate "2008.06.24"]
[SourceVersion "1"]
[SourceVersionDate "2008.06.24"]
[SourceQuality "1"]

1. d4 d5 2. c4 e6 3. Nc3 Nf6 4. Bg5 Be7 5. e3 0-0 6. cxd5 h6 7. Bxf6 Bxf6 8. dxe6 fxe6 9. Nf3 Nc6 10. Ne4 Bg5 11. Nfxg5 hxg5 12. Qh5 g6 13. Qxg6+ Kh8 14. Nxg5 Qd7 15. Qh5+ Kg7 16. Bd3 Ne5 17. Be4 Qc6 18. Bxc6 bxc6 19. Qh7+ Kf6 20. Ne4# 1-0

[Event "IECC KO-1045"]
[Site "IECC email"]
[Date "2005.08.19"]
[Round "?"]
[White "Newman, Ben"]
[Black "Bellew, Paul"]
[Result "0-1"]
[WhiteElo "1098"]
[BlackElo "1054"]
[PlyCount "80"]
[EventDate "2004.??.??"]
[EventType "match (corr)"]
[EventRounds "2"]
[SourceTitle "Corr 2020"]
[Source "ChessBase"]
[SourceDate "2019.09.30"]
[SourceVersion "1"]
[SourceVersionDate "2019.09.30"]
[SourceQuality "1"]
[WhiteTeam "Canada"]
[BlackTeam "Ireland"]
[WhiteTeamCountry "CAN"]
[BlackTeamCountry "IRL"]

1. e4 d5 2. exd5 Nf6 3. d4 Nxd5 4. Nf3 Nc6 5. c4 Nf6 6. Nc3 Bg4 7. Be2 e6 8. Be3 Bb4 9. 0-0 0-0 10. Qb3 Bxc3 11. bxc3 b6 12. Rfe1 Ne4 13. Rad1 Na5 14. Qc2 f5 15. c5 b5 16. h3 Bh5 17. Ne5 Bxe2 18. Rxe2 Nc4 19. Nxc4 bxc4 20. f3 Ng3 21. Ree1 f4 22. Bf2 Rf6 23. Qa4 Rh6 24. Re5 Rxh3 25. gxh3 Qh4 26. Qxc4 Kh8 27. Rxe6 Qxh3 28. Bxg3 Qxg3+ 29. Kf1 Qxf3+ 30. Ke1 Qg3+ 31. Kd2 Rb8 32. Kc1 f3 33. Re7 Qg5+ 34. Kc2 Qxe7 35. Qd3 Qf7 36. Qa6 f2 37. Ra1 Qf5+ 38. Kd2 Qf4+ 39. Kc2 Qe4+ 40. Kc1 Qe1+ 0-1

[Event "IECC CL7-2005.05 email"]
[Site "IECC email"]
[Date "2005.02.25"]
[Round "?"]
[White "Bellew, Paul"]
[Black "Copin, Jean Christophe"]
[Result "1/2-1/2"]
[WhiteElo "1074"]
[BlackElo "1175"]
[PlyCount "62"]
[EventDate "2005.??.??"]
[EventType "tourn (corr)"]
[EventRounds "4"]
[SourceTitle "Corr 2020"]
[Source "ChessBase"]
[SourceDate "2019.09.30"]
[SourceVersion "1"]
[SourceVersionDate "2019.09.30"]
[SourceQuality "1"]
[WhiteTeam "Ireland"]
[BlackTeam "France"]
[WhiteTeamCountry "IRL"]
[BlackTeamCountry "FRA"]

1. d4 Nf6 2. Nf3 d5 3. c4 c6 4. a4 dxc4 5. Nc3 a5 6. e4 b5 7. axb5 cxb5 8. e5 Nd5 9. Nxb5 e6 10. Bxc4 Ba6 11. 0-0 Bb4 12. Bd2 Qb6 13. Nd6+ Bxd6 14. Qa4+ Qc6 15. Qxc6+ Nxc6 16. Bxa6 Rxa6 17. exd6 Kd7 18. Ne5+ Nxe5 19. dxe5 Rb8 20. Rxa5 Rxa5 21. Bxa5 Rxb2 22. g3 g5 23. Rc1 Re2 24. f4 gxf4 25. gxf4 Re4 26. Bd2 f6 27. Re1 Rd4 28. Bc1 Nxf4 29. exf6 Ke8 30. Bxf4 Rxf4 31. Rxe6+ Kd7 1/2-1/2

[Event "IECC CL7-2005.05 email"]
[Site "IECC email"]
[Date "2005.02.25"]
[Round "?"]
[White "Hulse, David"]
[Black "Bellew, Paul"]
[Result "1/2-1/2"]
[WhiteElo "1072"]
[BlackElo "1078"]
[PlyCount "96"]
[EventDate "2005.??.??"]
[EventType "tourn (corr)"]
[EventRounds "4"]
[SourceTitle "Corr 2020"]
[Source "ChessBase"]
[SourceDate "2019.09.30"]
[SourceVersion "1"]
[SourceVersionDate "2019.09.30"]
[SourceQuality "1"]
[WhiteTeam "England"]
[BlackTeam "Ireland"]
[WhiteTeamCountry "ENG"]
[BlackTeamCountry "IRL"]

1. e4 c5 2. Nf3 d6 3. d4 cxd4 4. Nxd4 Nf6 5. Nc3 a6 6. Bd3 g6 7. Nf3 Bg7 8. h3 Nc6 9. Bg5 Nb4 10. Be2 b5 11. a3 Nc6 12. Qd2 Bb7 13. 0-0-0 0-0 14. Bh6 Qb6 15. Bxg7 Kxg7 16. Nd4 Nxd4 17. Qxd4 Qa5 18. g4 Kg8 19. f3 Rfc8 20. Qb4 Qb6 21. Rd2 Qe3 22. Qd4 Qf4 23. Nd5 Nxd5 24. exd5 Qg5 25. h4 Qh6 26. Kb1 b4 27. a4 b3 28. g5 bxc2+ 29. Rxc2 Qf8 30. Rhc1 Rcb8 31. Ka2 Bc8 32. Bd3 Bd7 33. b3 a5 34. Rc7 Qe8 35. Ka3 Rb4 36. R1c4 Rab8 37. Bc2 Bf5 38. Rxb4 axb4+ 39. Kb2 Bh3 40. Rc4 Bg2 41. Qf2 Bh3 42. Bd3 e6 43. Qg3 Bf5 44. Bxf5 exf5 45. Qxd6 Qe2+ 46. Rc2 Qe8 47. f4 Rd8 48. Qc5 Rb8 1/2-1/2